[Event "Bronshoj Jub"]
[Site "Bronshoj"]
[Date "1985.??.??"]
[Round "1"]
[White "Kristiansen, Jens"]
[Black "Pinter, Jozsef"]
[Result "0-1"]
[WhiteElo "2455"]
[BlackElo "2540"]
[PlyCount "80"]

1. e4 c5 2. Nc3 d6 3. g3 Nc6 4. Bg2 g6 5. d3 Bg7 6. f4 e6 7. Nf3 Nge7 8. O-O
O-O 9. Rb1 b6 10. Be3 d5 11. Bd2 dxe4 12. dxe4 Bb7 13. Qe1 Nd4 14. Rc1 Qd7 15.
Nxd4 cxd4 16. Nd1 Rac8 17. b3 Rc7 18. e5 Bxg2 19. Kxg2 Qd5+ 20. Kg1 Rfc8 21. c4
dxc3 22. Rxc3 Rxc3 23. Nxc3 Qd3 24. Rf2 Nf5 25. Ne4 Rc2 26. Bb4 Nd4 27. Rxc2
Nxc2 28. Qd2 Nxb4 29. Qxb4 Qb1+ 30. Kg2 Qxa2+ 31. Kh3 Qe2 32. Qd4 h6 33. Qd8+
Kh7 34. Nd6 Qf1+ 35. Kg4 Qd1+ 36. Kh3 g5 37. fxg5 Qf1+ 38. Kg4 Bxe5 39. Nc4
Qf5+ 40. Kh4 hxg5+ 0-1

[Event "Bronshoj Jub"]
[Site "Bronshoj"]
[Date "1985.??.??"]
[Round "1"]
[White "Olafsson, Helgi"]
[Black "Hoi, Carsten"]
[Result "1-0"]
[WhiteElo "2515"]
[BlackElo "2380"]
[PlyCount "76"]

1. Nf3 Nf6 2. c4 g6 3. Nc3 Bg7 4. d4 O-O 5. e4 d6 6. Be2 Bg4 7. Be3 Nbd7 8. O-O
e5 9. Rc1 Bxf3 10. Bxf3 a5 11. Be2 Re8 12. d5 h5 13. Qd2 Kh7 14. Bd1 Rh8 15. f3
Qf8 16. g4 h4 17. a3 Ne8 18. b4 axb4 19. axb4 f6 20. Ba4 Nb6 21. Bb5 Nc8 22.
Ra1 Rb8 23. f4 exf4 24. Bxf4 Qe7 25. Rf3 Nb6 26. Raf1 Rf8 27. Qf2 Kg8 28. Bd2
g5 29. h3 Ra8 30. c5 Nc8 31. e5 dxe5 32. Ne4 Qf7 33. Bxe8 Qxe8 34. Nxf6+ Bxf6
35. Rxf6 Ne7 36. Qe3 Rxf6 37. Rxf6 Ng6 38. Qxg5 Kg7 1-0

[Event "Bronshoj Jub"]
[Site "Bronshoj"]
[Date "1985.??.??"]
[Round "2"]
[White "Hjartarson, Johann"]
[Black "Kristiansen, Jens"]
[Result "0-1"]
[WhiteElo "2530"]
[BlackElo "2455"]
[PlyCount "78"]

1. d4 Nf6 2. c4 g6 3. Nf3 Bg7 4. g3 O-O 5. Bg2 d6 6. O-O Nbd7 7. Nc3 e5 8. e4
Re8 9. h3 exd4 10. Nxd4 Nc5 11. Re1 a5 12. Qc2 a4 13. Be3 c6 14. Rad1 Nfd7 15.
Re2 Qa5 16. Red2 Qb4 17. Nb1 Nf6 18. a3 Qa5 19. Nc3 Nfd7 20. Bf4 Ne5 21. Na2
Ne6 22. Ne2 Nxf4 23. Nxf4 Bf8 24. Nb4 h5 25. Kh1 h4 26. Qc3 hxg3 27. Qxg3 Bg7
28. Bf1 Nd7 29. Rxd6 Rxe4 30. Bg2 Re7 31. h4 Be5 32. R6d2 Bc7 33. Nbd3 Nf8 34.
c5 Bf5 35. Qg5 Rae8 36. h5 Nh7 37. Qh6 g5 38. Bf3 Bxd3 39. Rxd3 Bxf4 0-1

[Event "Bronshoj Jub"]
[Site "Bronshoj"]
[Date "1985.??.??"]
[Round "2"]
[White "Plaskett, Jim"]
[Black "Karlsson, Lars"]
[Result "1-0"]
[WhiteElo "2495"]
[BlackElo "2550"]
[PlyCount "115"]

1. d4 e6 2. Nf3 f5 3. g3 Nf6 4. Bg2 d5 5. c4 c6 6. O-O Bd6 7. b3 Qe7 8. Nc3 O-O
9. Bf4 Bxf4 10. gxf4 b6 11. Ne5 Bb7 12. cxd5 exd5 13. Qc2 Na6 14. Qxf5 Ne4 15.
Nxc6 Bxc6 16. Nxd5 Qb7 17. Qxe4 Kh8 18. Qe7 Qxe7 19. Nxe7 Bxg2 20. Kxg2 Rae8
21. Nc6 Rxe2 22. Rfe1 Rc2 23. d5 g5 24. Nd4 Rd2 25. Ne6 Rf5 26. Nxg5 Nc7 27.
Rad1 Rxd1 28. Rxd1 Nxd5 29. Ne6 Kg8 30. Kg3 Kf7 31. Ng5+ Kg6 32. Nf3 Nc3 33.
Nh4+ Kh5 34. Nxf5 Nxd1 35. Nd4 Nc3 36. a4 a6 37. Kf3 Kh4 38. Ne6 h5 39. f5 Nd5
40. Nf4 Nf6 41. Ne6 Kh3 42. Kf4 h4 43. Kg5 Ne4+ 44. Kh5 Nf6+ 45. Kg6 Nd7 46.
Kg5 Kxh2 47. Kxh4 Kg2 48. f4 Kf3 49. Kg5 Ke4 50. f6 Kd5 51. Nc7+ Kd6 52. Nxa6
Ke6 53. Nc7+ Kf7 54. Nd5 Nc5 55. Nxb6 Nxb3 56. Nc4 Nc5 57. Ne5+ Ke6 58. Kg6 1-0

[Event "Bronshoj Jub"]
[Site "Bronshoj"]
[Date "1985.??.??"]
[Round "3"]
[White "Olafsson, Helgi"]
[Black "Hansen, Curt"]
[Result "1-0"]
[WhiteElo "2515"]
[BlackElo "2505"]
[PlyCount "107"]

1. d4 Nf6 2. Nf3 e6 3. c4 b6 4. g3 Ba6 5. b3 Bb4+ 6. Bd2 Be7 7. Bg2 c6 8. Bc3
d5 9. Nbd2 Nbd7 10. O-O O-O 11. Re1 Bb7 12. e4 dxe4 13. Ng5 c5 14. Ndxe4 cxd4
15. Bxd4 Qc7 16. Nxf6+ Bxf6 17. Bxf6 Nxf6 18. Bxb7 Qxb7 19. Qf3 Qa6 20. Qe2 Qa5
21. Nf3 Rfd8 22. Rad1 h6 23. Ne5 Qc5 24. b4 Qc7 25. b5 Rxd1 26. Rxd1 a6 27. a4
axb5 28. axb5 h5 29. Nc6 h4 30. Kg2 Re8 31. Qe5 Qxe5 32. Nxe5 hxg3 33. hxg3 Rb8
34. Kf3 g5 35. Ke3 Kg7 36. Rd6 Rb7 37. g4 Kf8 38. Rd8+ Kg7 39. Rd6 Kf8 40. Rd8+
Kg7 41. f3 Rc7 42. Kd4 Rb7 43. c5 bxc5+ 44. Kxc5 Rc7+ 45. Nc6 Nd5 46. b6 Rb7
47. Rxd5 exd5 48. Na5 Rb8 49. b7 f5 50. Kxd5 Kf6 51. Kd6 Rd8+ 52. Kc7 Rh8 53.
Nc6 Rh7+ 54. Kc8 1-0

[Event "Bronshoj Jub"]
[Site "Bronshoj"]
[Date "1985.??.??"]
[Round "4"]
[White "Hansen, Curt"]
[Black "Pinter, Jozsef"]
[Result "1/2-1/2"]
[WhiteElo "2505"]
[BlackElo "2540"]
[PlyCount "26"]

1. d4 Nf6 2. c4 e6 3. Nf3 d5 4. cxd5 exd5 5. Nc3 c6 6. Qc2 g6 7. Bg5 Be7 8. e3
Bf5 9. Bd3 Bxd3 10. Qxd3 Nbd7 11. O-O O-O 12. Qc2 Re8 13. Rad1 Ne4 1/2-1/2

[Event "Bronshoj Jub"]
[Site "Bronshoj"]
[Date "1985.??.??"]
[Round "4"]
[White "Hoi, Carsten"]
[Black "Kristiansen, Jens"]
[Result "1/2-1/2"]
[WhiteElo "2380"]
[BlackElo "2455"]
[PlyCount "154"]

1. d4 f5 2. Nf3 Nf6 3. Bg5 Ne4 4. Bh4 d6 5. Nbd2 Nd7 6. Nxe4 fxe4 7. Nd2 d5 8.
e3 Nf6 9. c4 e6 10. Be2 Be7 11. O-O O-O 12. Qc2 c6 13. Rae1 Bd7 14. f3 exf3 15.
Nxf3 Be8 16. Bd3 h6 17. Ne5 Bh5 18. Bg6 Bxg6 19. Nxg6 Rf7 20. Rf3 Qe8 21. Ref1
Bd8 22. Ne5 Rc7 23. Bxf6 Bxf6 24. Rxf6 gxf6 25. Rxf6 Qh5 26. cxd5 exd5 27. g4
Rg7 28. Qf2 Rxg4+ 29. Nxg4 Qxg4+ 30. Qg2 Qxg2+ 31. Kxg2 Kg7 32. Re6 Rf8 33. Kg3
Rf6 34. Re7+ Rf7 35. Re8 Kg6 36. b4 a6 37. a4 Rg7 38. Rb8 Kf5+ 39. Kf3 Ke6 40.
Rh8 Rf7+ 41. Kg4 Rg7+ 42. Kf3 Rf7+ 43. Ke2 Rf6 44. Rh7 Rg6 45. Rxb7 Rg2+ 46.
Kd3 Rxh2 47. Rb6 Kd7 48. Rxa6 Ra2 49. Ra7+ Kc8 50. Ra5 Ra3+ 51. Ke2 Kb7 52. b5
cxb5 53. Rxb5+ Kc6 54. Ra5 h5 55. Kf3 h4 56. Kf4 h3 57. Ra6+ Kc7 58. Rh6 Rxa4
59. Ke5 Ra3 60. Rxh3 Kc6 61. Rh6+ Kd7 62. Kxd5 Rxe3 63. Rh7+ Kc8 64. Kd6 Rd3
65. d5 Rd1 66. Rh8+ Kb7 67. Rd8 Rh1 68. Re8 Rd1 69. Re5 Kc8 70. Re8+ Kb7 71.
Re4 Kc8 72. Re7 Kd8 73. Rf7 Kc8 74. Rf5 Rd2 75. Rf1 Rd3 76. Rc1+ Kd8 77. Ra1
Kc8 1/2-1/2

[Event "Bronshoj Jub"]
[Site "Bronshoj"]
[Date "1985.??.??"]
[Round "4"]
[White "Olafsson, Helgi"]
[Black "Larsen, Bent"]
[Result "1/2-1/2"]
[WhiteElo "2515"]
[BlackElo "2520"]
[PlyCount "146"]

1. Nf3 c5 2. c4 b6 3. g3 Bb7 4. Bg2 g6 5. O-O Bg7 6. Nc3 Nc6 7. e3 Nh6 8. d4
Nf5 9. d5 Na5 10. Qd3 O-O 11. Rb1 a6 12. b3 e5 13. e4 Nd6 14. Bb2 Re8 15. Nd2
b5 16. Rfe1 Rb8 17. Nd1 Bc8 18. Bc3 f6 19. Ne3 Nf7 20. f4 d6 21. Re2 Bd7 22. f5
Nb7 23. Rf2 Qe7 24. Qe2 Nh6 25. h4 Nd8 26. Kh2 Ndf7 27. Bh3 Kh8 28. Rg1 Rg8 29.
Rff1 b4 30. Bb2 a5 31. a3 bxa3 32. Bxa3 a4 33. bxa4 Ra8 34. Ra1 Rxa4 35. Bb2
Rga8 36. Rxa4 Rxa4 37. Ra1 Rxa1 38. Bxa1 Qd8 39. Bc3 Ng8 40. fxg6 hxg6 41. Bxd7
Qxd7 42. Qg4 Qxg4 43. Nxg4 Bh6 44. Kg2 Kg7 45. Kf3 f5 46. Nf2 Nf6 47. Nb3 Kf8
48. exf5 gxf5 49. g4 fxg4+ 50. Nxg4 Nd7 51. Ke4 Bg7 52. Kf5 e4 53. Bxg7+ Kxg7
54. Kxe4 Kg6 55. Na5 Nb6 56. Kf4 Kh5 57. Kg3 Kg6 58. Kf4 Kh5 59. Kf5 Kxh4 60.
Ne3 Ne5 61. Ke6 Kg5 62. Kxd6 Kf4 63. Ke6 Nf3 64. Nc2 Ke4 65. Kd6 Ne5 66. Ne3
Kf4 67. Kc7 Nbd7 68. Nd1 Ke4 69. d6 Nf6 70. Kb6 Ne8 71. Nc3+ Kd3 72. Nb5 Nd7+
73. Kc6 Nef6 1/2-1/2

[Event "Bronshoj Jub"]
[Site "Bronshoj"]
[Date "1985.??.??"]
[Round "5"]
[White "Karlsson, Lars"]
[Black "Olafsson, Helgi"]
[Result "1-0"]
[WhiteElo "2550"]
[BlackElo "2515"]
[PlyCount "79"]

1. Nf3 c5 2. g3 g6 3. Bg2 Bg7 4. c4 Nc6 5. Nc3 e6 6. O-O Nge7 7. Ne4 d6 8. d3
h6 9. Rb1 O-O 10. a3 b6 11. b4 d5 12. Ned2 cxb4 13. axb4 dxc4 14. b5 Na5 15.
Ne5 c3 16. Bxa8 Bxe5 17. Nb3 Qc7 18. Qc2 Nxb3 19. Rxb3 Nf5 20. e3 Bd7 21. Be4
Rc8 22. Ba3 Bg7 23. Rc1 Nd6 24. Bxd6 Qxd6 25. d4 e5 26. Rxc3 Rxc3 27. Qxc3 exd4
28. Qd3 Qb4 29. Bd5 Kf8 30. exd4 Bxd4 31. Qf3 Bf5 32. g4 Bxf2+ 33. Qxf2 Qxg4+
34. Bg2 h5 35. Qe3 Kg7 36. h3 Qa4 37. Qe5+ Kh6 38. Ra1 Qb3 39. Rxa7 Bxh3 40.
Qf4+ 1-0

[Event "Bronshoj Jub"]
[Site "Bronshoj"]
[Date "1985.??.??"]
[Round "5"]
[White "Kristiansen, Jens"]
[Black "Smyslov, Vassily"]
[Result "1/2-1/2"]
[WhiteElo "2455"]
[BlackElo "2600"]
[PlyCount "85"]

1. e4 e5 2. Nf3 Nc6 3. Bb5 a6 4. Ba4 Nf6 5. O-O Nxe4 6. d4 Be7 7. Re1 f5 8.
dxe5 O-O 9. Nc3 Nxc3 10. bxc3 Kh8 11. c4 Na5 12. Qd3 b6 13. Be3 f4 14. Bd4 Bb7
15. Bc3 Bxf3 16. Qxf3 Nxc4 17. Bb3 Na5 18. Bd5 c6 19. Be4 Qe8 20. Qh3 h5 21.
Rad1 Rd8 22. Bf3 Qg6 23. Rxd7 Rxd7 24. Qxd7 Qg5 25. Bxa5 bxa5 26. Qxc6 Rd8 27.
h3 Qf5 28. Qc7 Qd7 29. Qxd7 Rxd7 30. Bxh5 g5 31. Rd1 Rc7 32. e6 Rc6 33. Bg4 Kg7
34. Rd2 a4 35. Kf1 a3 36. Ke2 Kf6 37. Kd1 Rc5 38. Rd3 Rb5 39. Rb3 Rxb3 40. cxb3
a5 41. Ke2 Ke5 42. Kd3 Kd5 43. Kc3 1/2-1/2

[Event "Bronshoj Jub"]
[Site "Bronshoj"]
[Date "1985.??.??"]
[Round "5"]
[White "Mortensen, Erling"]
[Black "Hoi, Carsten"]
[Result "0-1"]
[WhiteElo "2460"]
[BlackElo "2380"]
[PlyCount "128"]

1. e4 e6 2. d4 d5 3. Nd2 dxe4 4. Nxe4 Bd7 5. Nf3 Bc6 6. Bd3 Nd7 7. O-O Bxe4 8.
Bxe4 c6 9. c4 Ngf6 10. Bc2 Be7 11. Qd3 O-O 12. Bg5 g6 13. Rfe1 Re8 14. a3 a5
15. h3 Qc7 16. Rad1 Bf8 17. Qd2 Rad8 18. Bb3 Be7 19. Ba2 b6 20. Bf4 Bd6 21. Bg5
Rc8 22. Bb3 Nh5 23. c5 Bf8 24. cxb6 Qxb6 25. Ba4 Nhf6 26. Rc1 Nd5 27. Rc2 Rc7
28. Rec1 Rec8 29. Bf4 Nxf4 30. Qxf4 Bg7 31. Qd6 Nb8 32. Qc5 Rb7 33. Qxb6 Rxb6
34. Ne5 Kf8 35. Kf1 Ke7 36. Ke2 Rd8 37. Rd1 g5 38. b3 Bxe5 39. dxe5 Rxd1 40.
Kxd1 Nd7 41. Ke2 Nxe5 42. Rc5 Kd6 43. Rxa5 h5 44. g3 h4 45. gxh4 gxh4 46. Ra7
f5 47. Ke3 Nd7 48. b4 Nf6 49. Bb3 Ne4 50. Bc4 Nc3 51. Kd4 Nb5+ 52. Bxb5 cxb5
53. Ra8 e5+ 54. Kc3 Kd5 55. a4 bxa4 56. Rxa4 Ke4 57. Ra5 f4 58. f3+ Kxf3 59.
Rxe5 Rg6 60. b5 Kg2 61. Re4 f3 62. Rxh4 f2 63. Rf4 Rg3+ 64. Kd4 Rf3 0-1

[Event "Bronshoj Jub"]
[Site "Bronshoj"]
[Date "1985.??.??"]
[Round "5"]
[White "Pinter, Jozsef"]
[Black "Hjartarson, Johann"]
[Result "1-0"]
[WhiteElo "2540"]
[BlackElo "2530"]
[PlyCount "105"]

1. d4 Nf6 2. c4 e6 3. Nf3 b6 4. g3 Ba6 5. b3 Bb4+ 6. Bd2 Be7 7. Nc3 O-O 8. e4
d5 9. cxd5 Bxf1 10. Kxf1 exd5 11. e5 Ne4 12. Kg2 c5 13. Re1 Nxc3 14. Bxc3 Na6
15. Qd3 Nc7 16. dxc5 bxc5 17. Ba5 Rc8 18. Rad1 d4 19. Rc1 Qd5 20. Bxc7 Rxc7 21.
Qe4 Qxe4 22. Rxe4 Rb7 23. Ne1 a5 24. Rc4 Ra8 25. Ra4 Rb4 26. Rxb4 axb4 27. Re2
Ra3 28. Rc2 h5 29. Kf1 g5 30. Ke2 Kg7 31. Kd3 Kg6 32. Ke4 g4 33. Nd3 Kg5 34.
Nf4 h4 35. gxh4+ Kxh4 36. e6 Ra6 37. f3 gxf3 38. Rf2 Kg5 39. exf7 Kf6 40. Rxf3
Kxf7 41. Nd5+ Bf6 42. Kd3 Kg6 43. Rf2 Bh4 44. Re2 Kf7 45. Kc4 Ra5 46. Nf4 Be7
47. Nd3 Ra6 48. Rc2 Ra5 49. Ne5+ Ke8 50. Nc6 Ra6 51. Nxe7 Kxe7 52. Kxc5 Ke6 53.
Kxd4 1-0

[Event "Bronshoj Jub"]
[Site "Bronshoj"]
[Date "1985.??.??"]
[Round "6"]
[White "Hansen, Curt"]
[Black "Hjartarson, Johann"]
[Result "1-0"]
[WhiteElo "2505"]
[BlackElo "2530"]
[PlyCount "101"]

1. d4 Nf6 2. Nf3 e6 3. g3 b5 4. Bg2 Bb7 5. O-O c5 6. c3 Be7 7. Bg5 Qb6 8. Nbd2
cxd4 9. cxd4 d6 10. Bxf6 Bxf6 11. e3 O-O 12. Ne1 Nd7 13. a4 Rfb8 14. Bxb7 Rxb7
15. Qf3 Rc8 16. Nd3 Rbc7 17. Ne4 Be7 18. d5 e5 19. a5 Qb7 20. Nb4 Nb8 21. b3
Rf8 22. g4 Qc8 23. Kh1 f6 24. Qg2 g6 25. f4 exf4 26. exf4 f5 27. gxf5 Qxf5 28.
Rae1 Rfc8 29. Qe2 a6 30. Ng3 Qf7 31. f5 Bh4 32. Qg4 Bxg3 33. Qxg3 Qf6 34. fxg6
Qxg6 35. Qh4 Rg7 36. Rg1 Qf5 37. Rxg7+ Kxg7 38. Qd4+ Kf7 39. Qe3 Kg8 40. Qe6+
Qxe6 41. dxe6 Re8 42. Nd5 Kg7 43. Rg1+ Kf8 44. Rf1+ Kg7 45. Rf7+ Kg6 46. Ne7+
Kg5 47. Kg2 d5 48. Kg3 h5 49. h4+ Kh6 50. Kf4 d4 51. Kf5 1-0

[Event "Bronshoj Jub"]
[Site "Bronshoj"]
[Date "1985.??.??"]
[Round "6"]
[White "Plaskett, Jim"]
[Black "Pinter, Jozsef"]
[Result "0-1"]
[WhiteElo "2495"]
[BlackElo "2540"]
[PlyCount "84"]

1. d4 Nf6 2. Nf3 d5 3. Bf4 c5 4. c3 Nc6 5. e3 Qb6 6. Qb3 c4 7. Qc2 Bf5 8. Qc1
e6 9. Nbd2 Qa5 10. Be2 b5 11. b4 Qb6 12. a4 bxa4 13. Rxa4 Be7 14. O-O O-O 15.
Qa1 Nh5 16. Ra6 Qb7 17. Qa4 Nxf4 18. exf4 Nb8 19. Ra5 Bd8 20. Qb5 Qxb5 21. Rxb5
Bb6 22. Ra1 Nd7 23. Ra6 Rfc8 24. Ne5 Nxe5 25. fxe5 f6 26. exf6 gxf6 27. Nf1 Bg6
28. Rc5 Bxc5 29. dxc5 Bd3 30. Bxd3 cxd3 31. f3 e5 32. Kf2 f5 33. Ke3 e4 34. Kd4
Kf7 35. f4 Rc7 36. Ne3 Rd8 37. Nxf5 h5 38. Ne3 h4 39. Rh6 Rdc8 40. Rxh4 a5 41.
Rh7+ Ke8 42. Rxc7 Rxc7 0-1

[Event "Bronshoj Jub"]
[Site "Bronshoj"]
[Date "1985.??.??"]
[Round "6"]
[White "Smyslov, Vassily"]
[Black "Mortensen, Erling"]
[Result "0-1"]
[WhiteElo "2600"]
[BlackElo "2460"]
[PlyCount "92"]

1. d4 Nf6 2. Nf3 g6 3. g3 Bg7 4. Bg2 O-O 5. O-O d6 6. Nc3 Nbd7 7. a4 c6 8. e4
Qc7 9. h3 a5 10. Be3 e5 11. Re1 Re8 12. d5 Nb6 13. Nd2 Bd7 14. Qe2 cxd5 15.
exd5 e4 16. Nb5 Bxb5 17. Bxb6 Qxb6 18. Qxb5 Qxb5 19. axb5 Nxd5 20. Rxe4 Rxe4
21. Bxe4 Nb6 22. Bxb7 Ra7 23. Ba6 Bxb2 24. Ra2 Be5 25. Nb3 a4 26. Na5 Re7 27.
Nc6 Re8 28. Kg2 Bc3 29. Ra3 Bb2 30. Rd3 d5 31. Nb4 d4 32. Bb7 a3 33. Rd1 Re5
34. Bc6 Rc5 35. Re1 Rc4 36. Na2 Rxc2 37. Be4 Rd2 38. Bb1 Kf8 39. Kf3 Bc3 40.
Re2 Rd1 41. Bc2 Ra1 42. Bd3 Na4 43. Be4 Ba5 44. Rc2 f5 45. Bd5 Nb6 46. Bb3 Rb1
0-1

[Event "Bronshoj Jub"]
[Site "Bronshoj"]
[Date "1985.??.??"]
[Round "7"]
[White "Hjartarson, Johann"]
[Black "Plaskett, Jim"]
[Result "1-0"]
[WhiteElo "2530"]
[BlackElo "2495"]
[PlyCount "99"]

1. Nf3 Nf6 2. g3 d5 3. Bg2 c6 4. O-O Bf5 5. d3 e6 6. Nbd2 Be7 7. Qe1 h6 8. e4
Bh7 9. e5 Nfd7 10. Qe2 a5 11. a4 Na6 12. Re1 Nb4 13. Nf1 c5 14. Ne3 Qc7 15. Bd2
O-O 16. Rac1 Na2 17. Rcd1 Nb4 18. Bc1 Nb6 19. b3 d4 20. Nf1 N6d5 21. Bb2 Na2
22. Ra1 Nac3 23. Bxc3 Nxc3 24. Qd2 Rae8 25. h4 f5 26. exf6 Bxf6 27. N1h2 e5 28.
Ng4 e4 29. dxe4 Bxe4 30. Nfh2 Qc6 31. Bxe4 Nxe4 32. Qd3 h5 33. Nxf6+ Rxf6 34.
Nf3 Ree6 35. Ng5 Nxg5 36. hxg5 Rf8 37. Qc4 Rfe8 38. Rxe6 Rxe6 39. Re1 Kf7 40.
f4 g6 41. Kf2 b6 42. Rxe6 Qxe6 43. Qxe6+ Kxe6 44. Ke2 Kf5 45. Kf3 Ke6 46. Ke4
Kd6 47. f5 gxf5+ 48. Kxf5 Ke7 49. g6 Kf8 50. Kf6 1-0

[Event "Bronshoj Jub"]
[Site "Bronshoj"]
[Date "1985.??.??"]
[Round "7"]
[White "Karlsson, Lars"]
[Black "Hansen, Curt"]
[Result "1/2-1/2"]
[WhiteElo "2550"]
[BlackElo "2505"]
[PlyCount "120"]

1. c4 e5 2. g3 Nc6 3. Bg2 g6 4. Nc3 Bg7 5. e3 d6 6. Nge2 Nge7 7. O-O Be6 8. Nd5
O-O 9. h3 Qd7 10. Kh2 f5 11. d3 Nc8 12. b3 Nd8 13. Bb2 c6 14. Ndc3 Ne7 15. f4
Nf7 16. Qd2 d5 17. cxd5 Nxd5 18. Rad1 Rad8 19. Nxd5 Bxd5 20. Bxd5 Qxd5 21. Qc2
exf4 22. Nxf4 Qd6 23. Bxg7 Kxg7 24. e4 fxe4 25. dxe4 Qe5 26. Qc4 Ng5 27. Kg2
Kh6 28. h4 Nxe4 29. Qe2 Kg7 30. Rfe1 Rxd1 31. Rxd1 Qf5 32. Re1 Re8 33. Qc4 Nd6
34. Qd4+ Qf6 35. Qd2 Rxe1 36. Qxe1 b6 37. Qe3 Kf7 38. Nh3 Nf5 39. Ng5+ Kg7 40.
Qe8 c5 41. Ne6+ Kh6 42. Ng5 Kg7 43. Ne6+ Kh6 44. Ng5 b5 45. Kh3 Nd4 46. Kg2
Qc6+ 47. Qxc6 Nxc6 48. Ne6 c4 49. bxc4 bxc4 50. g4 g5 51. hxg5+ Kg6 52. Kf3
Ne5+ 53. Kf4 c3 54. Ke3 Kf7 55. Nf4 Nxg4+ 56. Kd3 Nf2+ 57. Kxc3 Ne4+ 58. Kc4
Nxg5 59. Kb5 Ne6 60. Ng2 h5 1/2-1/2

[Event "Bronshoj Jub"]
[Site "Bronshoj"]
[Date "1985.??.??"]
[Round "7"]
[White "Kristiansen, Jens"]
[Black "Larsen, Bent"]
[Result "0-1"]
[WhiteElo "2455"]
[BlackElo "2520"]
[PlyCount "150"]

1. e4 c5 2. Nf3 Nc6 3. d4 cxd4 4. Nxd4 g6 5. c4 Bg7 6. Be3 Nf6 7. Nc3 d6 8. Be2
O-O 9. O-O Bd7 10. Qd2 Nxd4 11. Bxd4 Bc6 12. f3 a5 13. Rac1 a4 14. Nd5 Nd7 15.
Be3 Re8 16. Rc2 Nc5 17. Rd1 Qa5 18. Bg5 Qxd2 19. Rdxd2 Bxd5 20. cxd5 Bf6 21.
Bxf6 exf6 22. Rd4 Re5 23. Rb4 f5 24. Rb6 Rd8 25. exf5 Rxf5 26. Bc4 Re5 27. Kf2
Re7 28. b4 axb3 29. axb3 Rc7 30. Ra2 Kf8 31. Ke3 Nd7 32. Rb4 Re8+ 33. Kd4 Re1
34. Ra8+ Ke7 35. Ra7 Nc5 36. Rb6 Rc1 37. Ra2 Rd1+ 38. Ke3 Nd7 39. Rb4 Rc1 40.
Kf2 h5 41. Re2+ Kf8 42. Re1 Rxe1 43. Kxe1 Ke7 44. Kd2 Kd8 45. Ra4 Ne5 46. f4
Ng4 47. h3 Nf6 48. Ra8+ Ke7 49. Ra7 h4 50. Ke3 Nh5 51. Kf3 f5 52. Ke3 Kf7 53.
Kf3 Kf6 54. Ke3 Kg7 55. Bd3 Re7+ 56. Kf3 Nf6 57. Bc4 Ne4 58. Ke3 Kf7 59. Kf3
Nc3 60. g4 hxg3 61. Kxg3 Kf6 62. Kf3 Rh7 63. Kg2 Rc7 64. Kf3 Ne4 65. Kg2 g5 66.
fxg5+ Kxg5 67. Bd3 Kf4 68. Ra4 Rg7+ 69. Kf1 Ke3 70. Bxe4 fxe4 71. h4 Rh7 72.
Rb4 Kf3 73. Kg1 e3 74. Kf1 b5 75. Rd4 Rc7 0-1

[Event "Bronshoj Jub"]
[Site "Bronshoj"]
[Date "1985.??.??"]
[Round "7"]
[White "Mortensen, Erling"]
[Black "Olafsson, Helgi"]
[Result "1/2-1/2"]
[WhiteElo "2460"]
[BlackElo "2515"]
[PlyCount "87"]

1. e4 c5 2. Nc3 Nc6 3. g3 g6 4. Bg2 Bg7 5. d3 d6 6. Be3 Rb8 7. a4 a6 8. Qd2 Nf6
9. h3 O-O 10. Nf3 e5 11. O-O Nd4 12. Nh4 b6 13. Kh2 Bb7 14. Bg5 Qd7 15. Nf3 Ne6
16. Bh6 Rfe8 17. Bxg7 Kxg7 18. Rae1 Nd4 19. Nh4 Ng8 20. f4 f6 21. Nf3 Bc6 22.
Ra1 Ra8 23. fxe5 dxe5 24. a5 b5 25. Nd5 Bxd5 26. exd5 Qd6 27. Nxd4 exd4 28.
Rae1 Re5 29. c3 Rae8 30. cxd4 cxd4 31. Rxe5 Rxe5 32. Qf4 Ne7 33. Qxd4 Nxd5 34.
Rc1 Rg5 35. Qf2 h5 36. h4 Rg4 37. Bxd5 Rxh4+ 38. Kg1 Rg4 39. Bg2 Rxg3 40. Rc6
Qxc6 41. Qxg3 Qc1+ 42. Kh2 Qxb2 43. Qe3 Qc3 44. Qa7+ 1/2-1/2

[Event "Bronshoj Jub"]
[Site "Bronshoj"]
[Date "1985.??.??"]
[Round "7"]
[White "Pinter, Jozsef"]
[Black "Hoi, Carsten"]
[Result "1-0"]
[WhiteElo "2540"]
[BlackElo "2380"]
[PlyCount "103"]

1. Nf3 Nf6 2. d4 e6 3. c4 d5 4. Nc3 Be7 5. Bg5 O-O 6. e3 Nbd7 7. Rc1 a6 8. cxd5
exd5 9. Bd3 c6 10. O-O Re8 11. Bb1 g6 12. a3 Nh5 13. Bxe7 Qxe7 14. Re1 f5 15.
Qb3 Kg7 16. Ne2 a5 17. Nf4 Nhf6 18. Nd3 h5 19. Qd1 Qd6 20. Nf4 Ne4 21. h4 b6
22. Nd3 Bb7 23. Qb3 a4 24. Qd1 c5 25. Bc2 Bc6 26. Nfe5 Nxe5 27. Nxe5 Rxe5 28.
dxe5 Qxe5 29. Bxe4 Qxe4 30. b4 axb3 31. Qxb3 Ra6 32. Qb2+ Kf7 33. Qh8 Qe8 34.
Qh7+ Kf6 35. Qc7 Qd7 36. Qb8 Qe8 37. Qd6+ Kf7 38. Rb1 Qd7 39. Qb8 b5 40. Qh8
Ra8 41. Qh7+ Kf6 42. Qh6 c4 43. Rbd1 Qg7 44. Qf4 Ke6 45. e4 fxe4 46. Rxe4+ Kd7
47. Re5 Qf8 48. Qd4 Qxa3 49. Rde1 Qd6 50. Qb6 c3 51. Re6 Qxe6 52. Rxe6 1-0

[Event "Bronshoj Jub"]
[Site "Bronshoj"]
[Date "1985.??.??"]
[Round "8"]
[White "Hansen, Curt"]
[Black "Plaskett, Jim"]
[Result "1-0"]
[WhiteElo "2505"]
[BlackElo "2495"]
[PlyCount "69"]

1. d4 Nf6 2. Nf3 c5 3. c4 cxd4 4. Nxd4 b6 5. Nc3 Bb7 6. Bg5 a6 7. Bxf6 gxf6 8.
e4 e6 9. Be2 Qc7 10. O-O h5 11. a3 Nc6 12. Kh1 h4 13. f4 f5 14. exf5 h3 15. Bf3
hxg2+ 16. Bxg2 O-O-O 17. Rc1 Bd6 18. Qd2 Rdg8 19. Nd5 Nxd4 20. fxe6 Nf5 21.
exf7 Rg7 22. Nxc7 Kxc7 23. c5 bxc5 24. Qa5+ Kb8 25. Bxb7 Kxb7 26. Rc3 Nd4 27.
Rxc5 Ne2 28. Rc3 Bxf4 29. Rb3+ Kc6 30. Qa4+ Kc7 31. Qc4+ Kd6 32. Qxe2 Bxh2 33.
Qxh2+ Rxh2+ 34. Kxh2 Rh7+ 35. Kg2 1-0

[Event "Bronshoj Jub"]
[Site "Bronshoj"]
[Date "1985.??.??"]
[Round "8"]
[White "Hoi, Carsten"]
[Black "Hjartarson, Johann"]
[Result "1/2-1/2"]
[WhiteElo "2380"]
[BlackElo "2530"]
[PlyCount "82"]

1. d4 Nf6 2. Nc3 d5 3. Bg5 c6 4. e3 Bf5 5. Bxf6 exf6 6. Bd3 Bxd3 7. Qxd3 g6 8.
e4 dxe4 9. Qxe4+ Be7 10. Nf3 f5 11. Qd3 O-O 12. O-O-O Bf6 13. Rhe1 Nd7 14. Kb1
Qa5 15. Nd2 Rad8 16. Nb3 Qc7 17. Qg3 Qxg3 18. hxg3 h5 19. Ne2 h4 20. gxh4 Bxh4
21. g3 Be7 22. Nf4 Bd6 23. Nd3 Nf6 24. c3 Kg7 25. Na5 Rd7 26. Kc2 Rh8 27. Rh1
Rxh1 28. Rxh1 Ne4 29. Re1 c5 30. dxc5 Nxc5 31. Nxc5 Bxc5 32. Re2 b5 33. Nb3 Bb6
34. Nc1 Rd6 35. Nd3 Kf6 36. b3 Re6 37. Rd2 Re4 38. Nb4 Ke6 39. Nd5 Re1 40. c4
bxc4 41. bxc4 Rf1 1/2-1/2

[Event "Bronshoj Jub"]
[Site "Bronshoj"]
[Date "1985.??.??"]
[Round "8"]
[White "Smyslov, Vassily"]
[Black "Pinter, Jozsef"]
[Result "1/2-1/2"]
[WhiteElo "2600"]
[BlackElo "2540"]
[PlyCount "23"]

1. d4 Nf6 2. Nf3 d5 3. c4 e6 4. cxd5 exd5 5. Bg5 c6 6. Nc3 Bf5 7. a3 Nbd7 8. e3
Bd6 9. Bd3 Bxd3 10. Qxd3 O-O 11. O-O Qe7 12. Rfe1 1/2-1/2

[Event "Bronshoj Jub"]
[Site "Bronshoj"]
[Date "1985.??.??"]
[Round "9"]
[White "Hjartarson, Johann"]
[Black "Smyslov, Vassily"]
[Result "1/2-1/2"]
[WhiteElo "2530"]
[BlackElo "2600"]
[PlyCount "63"]

1. e4 e5 2. Nf3 Nc6 3. Bb5 a6 4. Ba4 Nf6 5. O-O Be7 6. Re1 b5 7. Bb3 O-O 8. a4
b4 9. a5 d6 10. h3 Be6 11. d4 Nxd4 12. Nxd4 exd4 13. Qxd4 c5 14. Qd3 d5 15.
exd5 Nxd5 16. Nd2 Nc7 17. Qg3 Bh4 18. Qf3 Nb5 19. Qh5 Nd4 20. Bxe6 fxe6 21. Ne4
Nxc2 22. Bg5 Bxg5 23. Nxg5 h6 24. Nxe6 Qe8 25. Qxc5 Nxa1 26. Qxf8+ Qxf8 27.
Nxf8 Nb3 28. Nd7 Nxa5 29. Nc5 Nc4 30. Re4 Nxb2 31. Rxb4 Rc8 32. Nxa6 1/2-1/2

[Event "Bronshoj Jub"]
[Site "Bronshoj"]
[Date "1985.??.??"]
[Round "9"]
[White "Kristiansen, Jens"]
[Black "Hansen, Curt"]
[Result "0-1"]
[WhiteElo "2455"]
[BlackElo "2505"]
[PlyCount "70"]

1. e4 c6 2. d3 d5 3. Nd2 e5 4. Ngf3 Bd6 5. g3 Nf6 6. Bg2 O-O 7. O-O Re8 8. Re1
Nbd7 9. b3 a5 10. a4 d4 11. Nh4 b5 12. Rf1 Nb6 13. Nf5 Bf8 14. Nf3 bxa4 15.
bxa4 Bxf5 16. exf5 Qd7 17. Nd2 Bb4 18. g4 Rac8 19. Ne4 Nxe4 20. Bxe4 Nd5 21.
Qf3 Nc3 22. f6 Nxe4 23. dxe4 c5 24. Kh1 c4 25. fxg7 d3 26. cxd3 cxd3 27. Bg5 d2
28. Rg1 Rc4 29. Qe2 Rec8 30. f3 Rc2 31. Rad1 Qxa4 32. Bxd2 Qa2 33. Ra1 Qb2 34.
Qa6 Rxd2 35. Qxc8+ Kxg7 0-1